[Event "GER-ch U14"]
[Site "Oberhof"]
[Date "2011.06.15"]
[Round "6"]
[White "Ewert, Paul"]
[Black "Klesen, Jonas"]
[Result "1-0"]
[WhiteElo "1661"]
[BlackElo "1233"]
[PlyCount "117"]
[EventDate "2011.06.11"]
[EventType "swiss"]
[EventRounds "9"]
[EventCountry "GER"]
[SourceTitle "CBM 142 Extra"]
[Source "ChessBase"]
[SourceDate "2011.06.27"]
[SourceVersion "1"]
[SourceVersionDate "2011.06.27"]
[SourceQuality "1"]

1. e4 e5 2. Nf3 Nc6 3. Nc3 Nf6 4. d4 exd4 5. Nxd4 Bb4 6. Nxc6 bxc6 7. Bd3 0-0 8. 0-0 d6 9. Bg5 Bc5 10. Qf3 Bd4 11. Rab1 Be6 12. Ne2 Be5 13. Qe3 Qd7 14. f4 Ng4 15. Qc1 f6 16. fxe5 fxg5 17. Qxg5 Bxa2 18. Rxf8+ Kxf8 19. Rf1+ Kg8 20. b3 Nxe5 21. Qd2 Qg4 22. Nc3 Bxb3 23. cxb3 Rb8 24. Bc4+ d5 25. Bxd5+ Kh8 26. Bc4 h6 27. Qd4 Nxc4 28. Qxc4 Qg5 29. h3 Qe3+ 30. Kh2 Qb6 31. Rb1 c5 32. Na4 Qd6+ 33. Kh1 Rb4 34. Qxc5 Rxe4 35. Qxd6 cxd6 36. Rd1 Rb4 37. Rxd6 Rxb3 38. Ra6 Rb7 39. Kh2 Kg8 40. Nc5 Rc7 41. Nd3 Kf7 42. Ne5+ Ke7 43. Nc6+ Kf6 44. Nxa7+ Kf5 45. Nb5 Re7 46. Ra7 Re5 47. Nd4+ Kf6 48. Nf3 Rc5 49. Kg3 Rc3 50. h4 g6 51. Rh7 h5 52. Rb7 Rc6 53. Rf7+ Kxf7 54. Ne5+ Kf6 55. Nxc6 g5 56. Nd4 gxh4+ 57. Kxh4 Ke5 58. Kxh5 Kxd4 59. g4 1-0

[Event "GER-ch U14"]
[Site "Oberhof"]
[Date "2011.06.14"]
[Round "4"]
[White "Ewert, Paul"]
[Black "Siegert, Gregor"]
[Result "0-1"]
[WhiteElo "1661"]
[BlackElo "1618"]
[PlyCount "64"]
[EventDate "2011.06.11"]
[EventType "swiss"]
[EventRounds "9"]
[EventCountry "GER"]
[SourceTitle "CBM 142 Extra"]
[Source "ChessBase"]
[SourceDate "2011.06.27"]
[SourceVersion "1"]
[SourceVersionDate "2011.06.27"]
[SourceQuality "1"]

1. e4 c5 2. Nf3 a6 3. Nc3 e6 4. d4 cxd4 5. Nxd4 Qc7 6. Be3 Bb4 7. Qd2 Nf6 8. Bd3 Bxc3 9. bxc3 d6 10. 0-0 Nbd7 11. Bg5 b5 12. f3 Bb7 13. a4 bxa4 14. Rxa4 d5 15. exd5 Nxd5 16. Ra3 0-0 17. Rfa1 Rfb8 18. Bxa6 Bxa6 19. Rxa6 Rxa6 20. Rxa6 Rb1+ 21. Kf2 Qxh2 22. Ra8+ Nf8 23. Ne2 Qh1 24. Nc1 h6 25. Be3 Nxe3 26. Rxf8+ Kh7 27. Qxe3 Rxc1 28. Qe4+ f5 29. Qxe6 Rxc2+ 30. Kg3 Qxg2+ 31. Kf4 Qg4+ 32. Ke5 Re2+ 0-1

[Event "GER-ch U14"]
[Site "Oberhof"]
[Date "2011.06.14"]
[Round "5"]
[White "Zimmermann, Christian"]
[Black "Ewert, Paul"]
[Result "1-0"]
[WhiteElo "1848"]
[BlackElo "1661"]
[PlyCount "64"]
[EventDate "2011.06.11"]
[EventType "swiss"]
[EventRounds "9"]
[EventCountry "GER"]
[SourceTitle "CBM 142 Extra"]
[Source "ChessBase"]
[SourceDate "2011.06.27"]
[SourceVersion "1"]
[SourceVersionDate "2011.06.27"]
[SourceQuality "1"]

1. e4 c5 2. Nf3 Nc6 3. d4 cxd4 4. Nxd4 g6 5. Be3 Bg7 6. Nc3 Nf6 7. Bc4 0-0 8. Bb3 d6 9. f3 Bd7 10. Qd2 Rc8 11. 0-0-0 Ne5 12. Kb1 Nc4 13. Bxc4 Rxc4 14. g4 a6 15. h4 Qa5 16. h5 Rfc8 17. hxg6 fxg6 18. Qh2 Rxc3 19. bxc3 Qxc3 20. Rd3 Qa5 21. Nb3 Qc7 22. Bd4 e5 23. Bb2 b5 24. Rhd1 Bf8 25. g5 Ne8 26. Bxe5 a5 27. Bb2 Be6 28. Rh1 b4 29. f4 a4 30. Nd4 Bc4 31. Rh3 a3 32. Rxh7 axb2 1-0

[Event "GER-ch U14"]
[Site "Oberhof"]
[Date "2011.06.13"]
[Round "3"]
[White "Meyers, Mark"]
[Black "Ewert, Paul"]
[Result "1-0"]
[WhiteElo "1820"]
[BlackElo "1661"]
[PlyCount "149"]
[EventDate "2011.06.11"]
[EventType "swiss"]
[EventRounds "9"]
[EventCountry "GER"]
[SourceTitle "CBM 142 Extra"]
[Source "ChessBase"]
[SourceDate "2011.06.27"]
[SourceVersion "1"]
[SourceVersionDate "2011.06.27"]
[SourceQuality "1"]

1. c4 e5 2. g3 Nf6 3. Bg2 d5 4. cxd5 Nxd5 5. Nc3 Nb6 6. d3 Be7 7. Nf3 Nc6 8. Bd2 0-0 9. 0-0 Be6 10. Rc1 f6 11. a3 Nd4 12. Nxd4 exd4 13. Ne4 c6 14. Nc5 Bxc5 15. Rxc5 Qd7 16. Re1 Rfe8 17. b4 Rac8 18. Bc1 Nd5 19. Bb2 b6 20. Rc2 Ne7 21. Qa1 Red8 22. a4 Rc7 23. Qa3 Ra8 24. Rec1 Kf7 25. e3 dxe3 26. fxe3 Nf5 27. d4 Nd6 28. e4 b5 29. Qf3 Nc4 30. Ba1 Bg4 31. Qb3 a6 32. Rf2 Be6 33. Qd3 Kg8 34. Rcf1 Rd8 35. Qf3 Rcc8 36. a5 Qd6 37. Bc3 Qd7 38. Re1 Rf8 39. Qh5 Rce8 40. Qf3 Rd8 41. Ref1 Qe7 42. h3 Qe8 43. Kh2 Qe7 44. Rd1 Rd7 45. Re2 Rfd8 46. e5 fxe5 47. Qxc6 Rd6 48. Qe4 Bd5 49. Qg4 Bxg2 50. Kxg2 Qb7+ 51. Qe4 Qxe4+ 52. Rxe4 exd4 53. Rdxd4 Rxd4 54. Bxd4 Kf7 55. Rf4+ Kg8 56. Bc5 h6 57. Kf3 Rc8 58. Ke4 Nxa5 59. Kd5 Nc4 60. Re4 Kf7 61. Re7+ Kf6 62. Re6+ Kf7 63. Rxa6 Rc7 64. Ra7 Rxa7 65. Bxa7 g6 66. Bd4 Ke7 67. Kc5 Kd7 68. Kxb5 Nd6+ 69. Kb6 Nc4+ 70. Kc5 Nd6 71. Be5 Ne4+ 72. Kd5 Nf2 73. b5 Nxh3 74. b6 Ng5 75. b7 1-0

[Event "GER-ch U14 DEM op"]
[Site "Oberhof"]
[Date "2010.05.28"]
[Round "6"]
[White "Ewert, Paul"]
[Black "Wierzbicki, Jirawat"]
[Result "1/2-1/2"]
[WhiteElo "1519"]
[BlackElo "1428"]
[PlyCount "93"]
[EventDate "2010.05.23"]
[EventType "swiss"]
[EventRounds "7"]
[EventCountry "GER"]
[SourceTitle "CBM 136 Extra"]
[Source "ChessBase"]
[SourceDate "2010.07.02"]
[SourceVersion "2"]
[SourceVersionDate "2010.07.15"]
[SourceQuality "1"]

1. e4 c5 2. Nf3 d6 3. Nc3 Nf6 4. Be2 g6 5. d4 cxd4 6. Nxd4 Bg7 7. 0-0 0-0 8. Bg5 Nc6 9. Nb3 Be6 10. Kh1 Rc8 11. f4 a6 12. Bf3 Qd7 13. Rb1 Rfd8 14. Nd5 Bxd5 15. exd5 Na7 16. Re1 Nb5 17. Bxf6 exf6 18. Qd3 Re8 19. c4 Nc7 20. Nd4 Rxe1+ 21. Rxe1 Re8 22. Re2 Rxe2 23. Qxe2 f5 24. Qd2 Qe7 25. g3 Qf6 26. Nb3 Qxb2 27. Qxb2 Bxb2 28. c5 Ba3 29. Kg2 Kf8 30. cxd6 Bxd6 31. Na5 b5 32. Nb7 Ke7 33. Kf2 Bb4 34. Ke3 a5 35. Kd4 Ne8 36. Be2 Nd6 37. Nxd6 Kxd6 38. Bxb5 Bc5+ 39. Kd3 Bg1 40. h3 Bh2 41. g4 Bxf4 42. gxf5 gxf5 43. Be8 f6 44. Bf7 Be5 45. Be6 h6 46. h4 Bg3 47. h5 1/2-1/2

[Event "GER-ch U14 DEM op"]
[Site "Oberhof"]
[Date "2010.05.28"]
[Round "7"]
[White "Martin, Raphael1111"]
[Black "Ewert, Paul"]
[Result "0-1"]
[WhiteElo "1237"]
[BlackElo "1519"]
[PlyCount "116"]
[EventDate "2010.05.23"]
[EventType "swiss"]
[EventRounds "7"]
[EventCountry "GER"]
[SourceTitle "CBM 136 Extra"]
[Source "ChessBase"]
[SourceDate "2010.07.02"]
[SourceVersion "2"]
[SourceVersionDate "2010.07.15"]
[SourceQuality "1"]

1. e4 e5 2. Nf3 Nc6 3. d4 exd4 4. Bc4 Bc5 5. c3 d3 6. b4 Bb6 7. 0-0 Nge7 8. Qb3 0-0 9. Ng5 Ne5 10. Bf4 N7g6 11. Bxe5 Nxe5 12. Nh3 d6 13. Nf4 Qg5 14. g3 Qg4 15. Nd2 Nf3+ 16. Nxf3 Qxf3 17. Qd1 Qxe4 18. Qxd3 Qxd3 19. Bxd3 Be6 20. Rfe1 Rfe8 21. Nxe6 fxe6 22. Re2 e5 23. Rae1 Rf8 24. a4 a5 25. b5 g6 26. Bc4+ Kg7 27. Bd5 Rab8 28. Kg2 c6 29. bxc6 bxc6 30. Bf3 Ba7 31. Bxc6 Rbc8 32. Bb5 Rxc3 33. Rd1 Bd4 34. Rdd2 Rfc8 35. f4 Rc1 36. fxe5 dxe5 37. Kf3 R8c3+ 38. Ke4 Rb1 39. Kd5 Rb4 40. Rb2 Rc5+ 41. Kd6 Rcxb5 42. axb5 Bxb2 43. Kc6 Bd4 44. Ra2 a4 45. Kd6 e4 46. Re2 e3 47. Kd5 a3 48. Ke4 Rb2 49. Re1 a2 50. Ra1 Rd2 51. Kf3 Bxa1 52. Kxe3 Bc3 53. b6 a1Q 54. b7 Qa7+ 55. Ke4 Qxb7+ 56. Kf4 Qf7+ 57. Kg4 Qf5+ 58. Kh4 Bf6# 0-1

[Event "GER-ch U12"]
[Site "Willingen"]
[Date "2008.05.16"]
[Round "10"]
[White "Ewert, Paul"]
[Black "Schoepe, Tobias"]
[Result "1/2-1/2"]
[WhiteElo "1329"]
[BlackElo "1550"]
[PlyCount "49"]
[EventDate "2008.05.11"]
[EventType "swiss"]
[EventRounds "11"]
[EventCountry "GER"]
[SourceTitle "CBM 124 Extra"]
[Source "ChessBase"]
[SourceDate "2008.07.03"]
[SourceVersion "1"]
[SourceVersionDate "2008.07.03"]
[SourceQuality "1"]

1. e4 e5 2. Nf3 Nc6 3. d4 exd4 4. Nxd4 Bc5 5. Nb3 Bb6 6. Nc3 Nge7 7. a4 a6 8. Bd3 0-0 9. 0-0 d6 10. Bf4 Ng6 11. Bg3 Be6 12. Nd2 Nce5 13. Kh1 Nxd3 14. cxd3 Ne5 15. Qe2 Nc6 16. f4 Nd4 17. Qd1 f6 18. Nf3 Bg4 19. Nd5 Ba7 20. Qb1 Nxf3 21. gxf3 Be6 22. Nc3 Kh8 23. Bf2 Bxf2 24. Rxf2 d5 25. Rg2 1/2-1/2

[Event "GER-ch U12"]
[Site "Willingen"]
[Date "2008.05.14"]
[Round "7"]
[White "Hellwig, Immo"]
[Black "Ewert, Paul"]
[Result "1/2-1/2"]
[WhiteElo "1278"]
[BlackElo "1329"]
[PlyCount "55"]
[EventDate "2008.05.11"]
[EventType "swiss"]
[EventRounds "11"]
[EventCountry "GER"]
[SourceTitle "CBM 124 Extra"]
[Source "ChessBase"]
[SourceDate "2008.07.03"]
[SourceVersion "1"]
[SourceVersionDate "2008.07.03"]
[SourceQuality "1"]

1. e4 e5 2. Nf3 Nc6 3. Nc3 Nf6 4. Bb5 d6 5. d4 exd4 6. Nxd4 Bd7 7. Be3 g6 8. 0-0 Bg7 9. f3 0-0 10. Bg5 h6 11. Be3 Re8 12. Qd2 Kh8 13. Nxc6 bxc6 14. Bc4 Re7 15. Bd4 c5 16. Bxf6 Bxf6 17. Nd5 Bd4+ 18. Kh1 Re8 19. c3 Bg7 20. Rae1 Rb8 21. Qc2 Bc6 22. Re2 Qd7 23. Qd2 Rbd8 24. Rd1 Bxd5 25. Bxd5 Re7 26. Kg1 Qe8 27. Re3 h5 28. Qe2 1/2-1/2

[Event "GER North-chT U16"]
[Site "Magdeburg"]
[Date "2006.08.29"]
[Round "7.3"]
[White "Ewert, Paul"]
[Black "Schneckenburger, Markus"]
[Result "1-0"]
[WhiteElo "928"]
[BlackElo "859"]
[PlyCount "35"]
[EventDate "2006.08.26"]
[EventType "team"]
[EventRounds "7"]
[EventCountry "GER"]
[SourceTitle "EXT 2007"]
[Source "ChessBase"]
[SourceDate "2006.11.23"]
[SourceVersion "1"]
[SourceVersionDate "2006.11.23"]
[SourceQuality "1"]

1. e4 e5 2. Nf3 Nc6 3. d4 d6 4. Be2 Nf6 5. Nbd2 Ne7 6. dxe5 dxe5 7. Nxe5 Qd4 8. f4 Nxe4 9. Nxe4 Qxe4 10. 0-0 Nc6 11. Bf3 Qd4+ 12. Qxd4 Nxd4 13. c3 Nc2 14. Bxb7 Rb8 15. Bc6+ Ke7 16. Rd1 Nxa1 17. Be3 f6 18. Bc5+ 1-0

[Event "GER North-chT U16"]
[Site "Magdeburg"]
[Date "2006.08.27"]
[Round "4.3"]
[White "Ewert, Paul"]
[Black "Knechtel, Jannick"]
[Result "1-0"]
[WhiteElo "877"]
[BlackElo "993"]
[PlyCount "65"]
[EventDate "2006.08.26"]
[EventType "team"]
[EventRounds "7"]
[EventCountry "GER"]
[SourceTitle "EXT 2007"]
[Source "ChessBase"]
[SourceDate "2006.11.23"]
[SourceVersion "1"]
[SourceVersionDate "2006.11.23"]
[SourceQuality "1"]

1. e4 e5 2. Nf3 Nc6 3. Bc4 Nf6 4. d3 h6 5. Be3 d6 6. h3 Be7 7. 0-0 Be6 8. Bb3 Qd7 9. Kh2 0-0-0 10. Nc3 g5 11. Nb5 Kb8 12. Ba4 Qc8 13. Qd2 a5 14. d4 d5 15. Nxe5 Bd7 16. Nxf7 h5 17. Nxh8 Rxh8 18. f3 g4 19. e5 Ng8 20. fxg4 hxg4 21. Nc3 g3+ 22. Kxg3 Bh4+ 23. Kh2 Be7 24. Nxd5 Bxh3 25. Nf4 Bg4+ 26. Kg1 Qf8 27. Ng6 Qg7 28. Nxh8 Qxh8 29. Bxc6 bxc6 30. Qxa5 Bh4 31. Rf8+ Kb7 32. Qa8+ Kb6 33. Rb8# 1-0

[Event "GER North-chT U16"]
[Site "Magdeburg"]
[Date "2006.08.26"]
[Round "2.3"]
[White "Denecke, Birk Lukas"]
[Black "Ewert, Paul"]
[Result "0-1"]
[WhiteElo "915"]
[BlackElo "993"]
[PlyCount "74"]
[EventDate "2006.08.26"]
[EventType "team"]
[EventRounds "7"]
[EventCountry "GER"]
[SourceTitle "EXT 2007"]
[Source "ChessBase"]
[SourceDate "2006.11.23"]
[SourceVersion "1"]
[SourceVersionDate "2006.11.23"]
[SourceQuality "1"]

1. e4 e5 2. Nf3 Nc6 3. d4 d6 4. Be2 Nf6 5. Nc3 Bg4 6. Be3 g6 7. 0-0 Bg7 8. Qd2 Qe7 9. Rfd1 0-0-0 10. d5 Nb8 11. Bxa7 Nbd7 12. Qd3 Nc5 13. Bxc5 dxc5 14. Qb5 Bd7 15. Qa5 Bg4 16. Bb5 Nd7 17. Bxd7+ Kxd7 18. Qb5+ Kc8 19. Na4 Bxf3 20. Nxc5 Qxc5 21. Qxc5 b6 22. Qc3 Bxd1 23. Rxd1 f5 24. exf5 gxf5 25. d6 Rd7 26. dxc7 Rxc7 27. Qf3 e4 28. Qxf5+ Kb8 29. Qxe4 Bxb2 30. Rb1 Rd8 31. h3 Bd4 32. Kh2 Bc5 33. a4 Rcd7 34. Qe5+ Bd6 35. Rxb6+ Kc7 36. Qxd6+ Rxd6 37. Rxd6 Rxd6 0-1